LEADER 01028nam0 2200289 450 001 000024785 005 20090323094249.0 010 $a0678006172 100 $a20090323e19721947km-y0itay50------ba 101 0 $aeng 102 $aUS 105 $ay-------001yy 200 1 $aAgenda for progressive taxation$fby William Vickrey$gwith a new introduction 205 $aRipr. facs. dell'ed.: New York : The Ronald Press Company, 1947 210 $aClifton$cAugustus M. Kelley publishers$d1972 215 $aXI, 496 p.$d22 cm 225 2 $aReprints of economic classics 410 0$12001$aReprints of economic classics 500 10$aAgenda for progressive taxation$943629 610 1 $aImposta progressiva$aStati Uniti 610 1 $aReddito$aProblemi economico-fiscali$aStati Uniti 700 1$aVickrey,$bWilliam Spencer$4070$0240755 801 0$aIT$bUNIPARTHENOPE$c20090319$gRICA$2UNIMARC 912 $a000024785 951 $a323/33$b4267$cNAVA2$d2009 996 $aAgenda for progressive taxation$943629 997 $aUNIPARTHENOPE LEADER 04297nam 2200625Ia 450 001 996237238403316 005 20200520144314.0 010 $a90-04-25303-3 024 7 $a10.1163/9789004253032 035 $a(CKB)2560000000105290 035 $a(EBL)1214124 035 $a(SSID)ssj0000891194 035 $a(PQKBManifestationID)11476427 035 $a(PQKBTitleCode)TC0000891194 035 $a(PQKBWorkID)10888571 035 $a(PQKB)10899416 035 $a(MiAaPQ)EBC1214124 035 $a(OCoLC)849248190 035 $a(nllekb)BRILL9789004253032 035 $a(Au-PeEL)EBL1214124 035 $a(CaPaEBR)ebr10718731 035 $a(CaONFJC)MIL497797 035 $a(PPN)180439391 035 $a(EXLCZ)992560000000105290 100 $a20130326d2013 uy 0 101 0 $aeng 135 $aur|n|---||||| 181 $ctxt 182 $cc 183 $acr 200 00$aEpistolary narratives in ancient Greek literature$b[electronic resource] /$fedited by Owen Hodkinson, Patricia A. Rosenmeyer, Evelien Bracke 210 $aLeiden ;$aBoston $cBrill$d2013 215 $a1 online resource (424 p.) 225 1 $aMnemosyne supplements ;$vvolume 359 300 $aDescription based upon print version of record. 311 $a90-04-24960-5 320 $aIncludes bibliographical references and index. 327 $tFront Matter /$rOwen Hodkinson , Patricia A. Rosenmeyer and Evelien Bracke -- $tIntroduction /$rOwen Hodkinson and Patricia A. Rosenmeyer -- $tThe Appearance of Letters on Stages and Vases /$rPatricia A. Rosenmeyer -- $t?Baleful Signs?: Letters and Deceit in Herodotus /$rAngus Bowie -- $tLetters in Xenophon /$rDeborah Levine Gera -- $tNarrative and Epistolarity in the ?Platonic? Epistles /$rA.D. Morrison -- $tEpistolary Epicureans /$rPamela Gordon -- $tThe Letters of Euripides /$rOrlando Poltera -- $tAddressing Power: Fictional Letters Between Alexander and Darius /$rTim Whitmarsh -- $tAlciphron and the Sympotic Letter Tradition /$rJason König -- $tLucian?s Saturnalian Epistolarity /$rNiall W. Slater -- $tOdysseus? Letter to Calypso in Lucian?s Verae Historiae /$rSilvio F. Bär -- $tYours Truly? Letters in Achilles Tatius /$rIan Repath -- $tLetters in Philostratus? Life of Apollonius of Tyana /$rDimitri Kasprzyk -- $tLove from Beyond the Grave: The Epistolary Ghost-Story in Phlegon of Tralles /$rJ.R. Morgan -- $tEpistolarity and Narrative in ps.-Aeschines Epistle 10 /$rOwen Hodkinson -- $tLetters in the War between Rome and Judaea /$rRyan S. Olson -- $tThe Function of the Letter Form in Christian Martyrdom Accounts: ?I would like my community, my Church, my family, to remember? /$rJane McLarty -- $tBibliography /$rOwen Hodkinson , Patricia A. Rosenmeyer and Evelien Bracke -- $tIndex /$rOwen Hodkinson , Patricia A. Rosenmeyer and Evelien Bracke. 330 $aThe literary letter was one of the most versatile and popular forms of writing in Greek antiquity, yet one of the least widely studied today. The use of the letter within narrative or as narrative medium is something which the Ancient Greek literary tradition established as central to the western world (especially through the letters of Plato, Hippocrates and the Christian epistolographers). This volume presents detailed literary readings of a wide range of Greek literary letter collections. By comparison of the various narrative strategies taken within Greek epistolary texts across a range of genres, cultural backgrounds, and time periods, the volume takes a significant step towards the appreciation of Greek epistolary collections as a unique literary phenomenon. 410 0$aMnemosyne, bibliotheca classica Batava.$pSupplementum ;$v359. 606 $aGreek letters$xHistory and criticism 606 $aGreek literature$xHistory and criticism 615 0$aGreek letters$xHistory and criticism. 615 0$aGreek literature$xHistory and criticism. 676 $a886/.0109 701 $aHodkinson$b Owen$f1979-$0880003 701 $aRosenmeyer$b Patricia A$0188207 701 $aBracke$b Evelien$0880004 801 0$bMiAaPQ 801 1$bMiAaPQ 801 2$bMiAaPQ 906 $aBOOK 912 $a996237238403316 996 $aEpistolary narratives in ancient Greek literature$91965060 997 $aUNISA